Chargement en cours...

Living to tell the tale /

Détails bibliographiques
Auteur principal: García Márquez, Gabriel
Autres auteurs: Grossman, Edith
Format: Printed Book
Langue:English
Publié: New York : A.A. Knopf, 2003.
Édition:1st ed.
Sujets:
Accès en ligne:http://www.loc.gov/catdir/bios/random055/2003058924.html
http://www.loc.gov/catdir/description/random0414/2003058924.html
LEADER 01195cam a22002774a 4500
008 030806s2003 nyub 000 0aeng
010 |a  2003058924 
020 |a 1400041341 
042 |a pcc 
082 0 0 |a E 860.92M MAR/L  |a B  |2 22 
100 1 |a García Márquez, Gabriel, 
240 1 0 |a Vivir para contarla.  |l English 
245 1 0 |a Living to tell the tale /  |c Gabriel García Márquez ; translated by Edith Grossman. 
250 |a 1st ed. 
260 |a New York :  |b A.A. Knopf,  |c 2003. 
300 |a 483 p. :  |b maps ;  |c 25 cm. 
600 1 0 |a García Márquez, Gabriel,  |d 1927-2014  |x Childhood and youth. 
650 0 |a Authors, Colombian  |y 20th century  |v Biography. 
700 1 |a Grossman, Edith, 
856 4 2 |u http://www.loc.gov/catdir/bios/random055/2003058924.html 
856 4 2 |u http://www.loc.gov/catdir/description/random0414/2003058924.html 
906 |a 7  |b cbc  |c orignew  |d 1  |e ocip  |f 20  |g y-gencatlg 
942 |c BK 
955 |a pc25 2003-08-06 to HLCD  |i lc09 2003-08-07  |a aa05 2003-08-08  |a lc03 2004-10-26 to BCCD (Copy 2) 
999 |c 234473  |d 234473 
952 |0 0  |1 0  |4 0  |6 E_860_000000000000000_92M_MAR_L  |7 0  |9 260099  |a MAL  |b MAL  |c ST1  |d 2016-04-06  |g 599.00  |l 0  |o E 860.92M MAR/L  |p MAL37520  |r 2016-04-06  |w 2016-04-06  |y BK